000 00396pab a2200145 454500
008 180718b1988 xxu||||| |||| 00| 0 eng d
100 _aCox, Andrew
245 _aThe old and new testaments of corporatism
_bIs it a political form or a method of policy - making
260 _c1988
300 _a294-308
362 _aJune
650 _aCorporations
773 _aPolitical Studies
909 _a6704
999 _c6704
_d6704